000 005240000a22001810004500
020 _a1-879089-07-6
041 0 _aENG
082 0 4 _aG 266 G669e
100 1 _aGoring, Paul (1970-)
245 1 0 _aThe effective missionary communicator : A field study of the missionary personality / Paul Goring
260 _aWheaton, ILL., USA : Billy Graham Center
300 _a111 Pag
001 7234
942 _cBK
999 _c37452
_d37452
336 _atexto
_btxt
_2rdacontent
337 _2rdamedia
_asin mediación
_bn
338 _2rdacarrier
_avolumen
_bnc